• 首页
  • 本馆介绍
  • 公告通知
  • 最新文献
  • 馆藏检索
  • 电子资源
  • 读者导购
  • 参考咨询
  • 我的图书馆
  • 登录
  • 详细信息显示
  • 放入我的书架
  • 预约/预借图书
  • 作者相关作品
  • 分类相关作品
  • 丛书相关作品
  • 出版社相关作品

书目信息

  • 表格格式
  • 工作单格式
  • 卡片格式
题名:
昆虫形态分类学
    
 
作者: 忻介六 编著
分册:  
出版信息: 上海   复旦大学出版社  1985
页数: 447页
开本: 26cm
丛书名:
单 册:
中图分类: Q96
科图分类:
主题词: 昆虫学
电子资源:
ISBN:
000 00617nam0 2200229 45
001 0185015817
005 20041221111505.9
010    @dCNY5.90
091    @a13253.008
100    @a19951110d1985 em y0chiy0121 ea
101 0  @achi
102    @aCN@b310000
105    @ay z 000yy
200 10 @a昆虫形态分类学@Akun chong xing tai fen lei xue@f忻介六等编著@FXin Jie Liu Deng Bian Zhu
210    @a上海@c复旦大学出版社@d1985
215    @a447页@d26cm
606 0  @a昆虫学
690    @aQ96@v3
701  0 @a忻介六@4编著
801  0 @aCN@b深圳图书馆@c20040524
801  2 @aCN@bNLC@c20040524
905    @dQ96@e4@f1@b241570
    
    昆虫形态分类学/忻介六等编著.-上海:复旦大学出版社,1985
    447页;26cm
    
    
    ISBN :CNY5.90
    
●
相关链接 在E读中查询图书 在五车中查询图书 在当当中查询图书 在豆瓣中查询图书


正题名:昆虫形态分类学     索取号:Q96/4         预约/预借

序号 登录号 条形码 馆藏地/架位号 状态 备注
1 0140598   202450123   第二样本阅览室/ [索取号:Q96/4] 在馆    
2 0241569   000706560   第三借阅区/ [索取号:Q96/4] 在馆    
3 0241570   001977659   第三借阅区/ [索取号:Q96/4] 在馆    
唐山师范学院图书馆 欢迎您!
大连网信软件有限公司© 版权所有